Poema inacabat / Gabriel Ferrater ; amb un comentari previ de l'autor, transcrit per Oriol Ponsatí, i una presentació de Jordi Cornudella
Descripción Física:
85 p. : il. ; 25 cm
Materias:
Poesia catalana -- S. XX
MARC
| LEADER | 00000nam a2200000Ia 4500 | ||
|---|---|---|---|
| 001 | 16797 | ||
| 008 | 160829s2003 xx 000 0 cat d | ||
| 080 | |a L-1-325 | ||
| 100 | |a Ferrater, Gabriel |9 27480 | ||
| 245 | |a Poema inacabat / Gabriel Ferrater ; amb un comentari previ de l'autor, transcrit per Oriol Ponsatí, i una presentació de Jordi Cornudella | ||
| 260 | |a Barcelona : |b Diputació de Barcelona, |c 2003 | ||
| 300 | |a 85 p. : |b il. ; |c 25 cm | ||
| 650 | |a Poesia catalana |x S. XX |9 27091 | ||
| 700 | |a Ponsatí, Oriol, tr. |9 27481 | ||
| 700 | |a Cornudella, Jordi, pr. |9 27482 | ||
| 710 | 1 | |a Barcelona (Catalunya : Província). |b Diputació |9 52408 | |
| 901 | |a Arxiu | ||
| 942 | |n 1 | ||
| 952 | |0 0 |1 0 |4 0 |6 L1325 |7 1 |9 44406 |a Arxiu |b Arxiu |d 2016-12-01 |l 0 |o L-1-325 |p 16797 |r 2016-12-01 00:00:00 |w 2016-12-01 |y ARXIU | ||
| 999 | |c 46987 |d 46987 | ||